| 000 | 01246nam a2200253 i 4500 | ||
|---|---|---|---|
| 001 | 180136 | ||
| 003 | ES-MaACL | ||
| 005 | 20251220171943.0 | ||
| 008 | 120423s1955 mx |||| | spa d | ||
| 080 | _a124.3 | ||
| 100 | 1 |
_aTaylor, Richard, _d1919-2003 _9149859 |
|
| 245 | 1 | 0 |
_aControversia sobre la intencionalidad del comportamiento / _cRichard Taylor, Arturo Rosenblueth, Norbert Wiener. |
| 260 |
_aMéxico : _bUniversidad Nacional de México, _c1955. |
||
| 300 |
_a30 p. ; _c22 cm. |
||
| 490 | 1 |
_aSeminario de Problemas Científicos y Filosóficos. Suplementos ; _v2 |
|
| 505 | 8 |
_aContiene: ; _tComentarios sobre una concepción mecanicista de la intencionalidad / _rR. Taylor. -- _tComportamiento intencional y comportamiento inintencional / _rA. Rosenblueth y N. Wiener. -- _tComportamiento intencional y comportamiento inintencional : una contrarréplica / _rR. Taylor |
|
| 650 | 0 | 4 |
_aIntencionalidad (Filosofía) _913866 |
| 700 | 1 |
_aRosenblueth, Arturo. _9149860 |
|
| 700 | 1 |
_aWiener, Norbert. _9116771 |
|
| 710 | 2 |
_aUniversidad Nacional Autónoma de México. _97397 |
|
| 830 | 0 |
_aSeminario de Problemas Científicos y Filosóficos. Suplementos _v2 _9190619 |
|
| 852 |
_aES-MaACL _j2297-F-1 |
||
| 999 |
_c180136 _d180136 |
||